Caracterización, epidemiología y manejo del complejo moscas blancas-virus en sistemas hortícolas de Costa Rica / Natalia Barboza Vargas y otros nueve (Registro nro. 21213)
[ vista simple ]
| 000 -LEADER | |
|---|---|
| fixed length control field | 00960nam a2200301Ia 4500 |
| 001 - CONTROL NUMBER | |
| control field | 20786 |
| 003 - CONTROL NUMBER IDENTIFIER | |
| control field | DO-CoUTE |
| 005 - DATE AND TIME OF LATEST TRANSACTION | |
| control field | 20260204212617.0 |
| 008 - FIXED-LENGTH DATA ELEMENTS--GENERAL INFORMATION | |
| fixed length control field | 220104s9999 dr 000 0 spa d |
| 020 ## - INTERNATIONAL STANDARD BOOK NUMBER | |
| International Standard Book Number | 978-9968-48-010-9 |
| 040 ## - CATALOGING SOURCE | |
| Original cataloging agency | DO-CoUTE |
| Language of cataloging | spa |
| Transcribing agency | DO-CoUTE |
| 041 0# - LANGUAGE CODE | |
| Language code of text/sound track or separate title | spa |
| 082 ## - DEWEY DECIMAL CLASSIFICATION NUMBER | |
| Classification number | 635.6 B239c |
| 100 1# - MAIN ENTRY--PERSONAL NAME | |
| Personal name | Barboza Vargas, Natalia |
| 245 10 - TITLE STATEMENT | |
| Title | Caracterización, epidemiología y manejo del complejo moscas blancas-virus en sistemas hortícolas de Costa Rica / Natalia Barboza Vargas y otros nueve |
| 260 ## - PUBLICATION, DISTRIBUTION, ETC. | |
| Place of publication, distribution, etc. | Costa Rica : EUNED |
| 300 ## - PHYSICAL DESCRIPTION | |
| Extent | 71 páginas |
| 650 #4 - SUBJECT ADDED ENTRY--TOPICAL TERM | |
| Topical term or geographic name entry element | Mosca Blanca |
| 650 #4 - SUBJECT ADDED ENTRY--TOPICAL TERM | |
| Topical term or geographic name entry element | Tomates-enfermedades y plagas |
| 700 1# - ADDED ENTRY--PERSONAL NAME | |
| Personal name | Castro Vásquez, ruth |
| 700 1# - ADDED ENTRY--PERSONAL NAME | |
| Personal name | Guevara Coto, José Andres |
| 700 1# - ADDED ENTRY--PERSONAL NAME | |
| Personal name | Hernández Jimenez, Eduardo |
| 700 1# - ADDED ENTRY--PERSONAL NAME | |
| Personal name | Hilje Quiros, Luko |
| 700 1# - ADDED ENTRY--PERSONAL NAME | |
| Personal name | Martin Thule, Francisco |
| 942 ## - ADDED ENTRY ELEMENTS (KOHA) | |
| Source of classification or shelving scheme | Dewey Decimal Classification |
| Koha item type | Libros |
| Withdrawn status | Lost status | Source of classification or shelving scheme | Damaged status | Not for loan | Collection code | Home library | Current library | Date acquired | Inventory number | Total Checkouts | Full call number | Barcode | Date last seen | Copy number | Price effective from | Koha item type |
|---|---|---|---|---|---|---|---|---|---|---|---|---|---|---|---|---|
| Dewey Decimal Classification | Colección General | Biblioteca UTECO | Biblioteca UTECO | 01/02/2021 | 020482 | 635.6 B239c | 020482 | 03/30/2022 | Ej.1 | 01/03/2021 | Libros |
